| 000 | 00563nam a2200169Ia 4500 | ||
|---|---|---|---|
| 003 | LK-CoDNM | ||
| 008 | 140723t2021 xxu||||| |||| 00| 1 sin d | ||
| 020 |
_a _a9789555395528 |
||
| 040 |
_aLK-CoDNM _dLK-CoDNM _eLK-CoDNM |
||
| 041 | _asin | ||
| 080 |
_a294.3 _bANA |
||
| 100 |
_aආනන්ද හිමි, කෝන්ගස්තැන්නේ _vAnanda Himi,Kongasthenne |
||
| 245 | _aසිතුවම් සහිත සම්බුදු සිරිත | ||
| 246 | _aSithuwam Sahitha Sambudu Siritha | ||
| 260 |
_bAuthor _aRathnapura _c2021 |
||
| 942 | _cBK | ||
| 999 |
_c80105 _d80105 |
||